Normal view MARC view

Entry Personal Name

Number of records used in: 1

001 - CONTROL NUMBER

  • control field: 1022

003 - CONTROL NUMBER IDENTIFIER

  • control field: PK-NaQUE

005 - DATE AND TIME OF LATEST TRANSACTION

  • control field: 20260629115917.0

008 - FIXED-LENGTH DATA ELEMENTS

  • fixed length control field: 260629|| aca||aabn | a|a d

040 ## - CATALOGING SOURCE

  • Original cataloging agency: PK-NaQUE
  • Transcribing agency: PK-NaQUE

100 ## - HEADING--PERSONAL NAME

  • Personal name: Mohtasham Tasleem
  • Personal name: 21-MSIT-15
  • Personal name: Supervisor - Dr. Asghar Ali Chandio

670 ## - SOURCE DATA FOUND

  • Source citation: Work cat.: (PK-NaQUE)69080: Mohtasham Tasleem 21-MSIT-15 Supervisor - Dr. Asghar Ali Chandio , Multimodal Biometric Fingerprint and IRIS for Enhanced Device Security (Thesis MS), 2024